000 00373nam a2200145 i 4500
001 bg
245 0 _aFizika jadernych reaktorov /
_cPerev. s angl. pod red. I. A. Stenboka.
260 _aMoskva :
_bAtomizdat,
_c1964.
300 _as. 383 :
_bilustr.
040 _cBPK
041 _apol
080 _a621.039.51
942 _cKS
008 s pl f |000 0 pol
999 _c12675
_d12675
856 _uhttp://koha.tu.koszalin.pl/cgi-bin/koha/opac-detail.pl?biblionumber=12675
_yKatalog online BPK